[Event "AUS-ch U10"]
[Site "Wahroonga"]
[Date "2014.01.13"]
[Round "8"]
[White "Scholes Robertson, Luca"]
[Black "Owen, William"]
[Result "1-0"]
[WhiteElo "347"]
[BlackElo "478"]
[PlyCount "79"]
[EventDate "2014.01.11"]
[EventType "swiss"]
[EventRounds "9"]
[EventCountry "AUS"]
[SourceTitle "EXT 2020"]
[Source "ChessBase"]
[SourceDate "2019.10.17"]
[SourceVersion "1"]
[SourceVersionDate "2019.10.17"]
[SourceQuality "1"]

1. e4 e5 2. Nf3 Nf6 3. Nxe5 Nxe4 4. Qe2 Nf6 5. Nc6+ Be7 6. Nxd8 0-0 7. Nxf7 Rxf7 8. Qc4 d5 9. Qxc7 Nc6 10. c4 dxc4 11. Bxc4 Nb4 12. Bxf7+ Kxf7 13. Qc4+ Be6 14. Qxb4 Bxb4 15. 0-0 h6 16. Nc3 Bxc3 17. dxc3 Bc4 18. Re1 Rd8 19. h3 Ne4 20. Rxe4 Rd1+ 21. Kh2 Bd3 22. Rd4 Kg8 23. Rd8+ Kh7 24. Rd7 b6 25. b4 a6 26. c4 b5 27. c5 Rf1 28. Rxd3 Rxf2 29. c6 Rf8 30. c7 Rc8 31. Rc3 h5 32. a4 bxa4 33. Rxa4 Kg6 34. Rxa6+ Kh7 35. Rb6 Kh8 36. Rb8 Rxb8 37. cxb8Q+ Kh7 38. Rc6 g5 39. Qb7+ Kg8 40. Rc8# 1-0